Psicoanálisis, literatura, crítica

Zapisane w:
Opis bibliograficzny
1. autor: Clancier, Anne
Format: Książka
Język:Undetermined
Wydane: Madrid, España Cátedra 1976
Hasła przedmiotowe:
Etykiety: Dodaj etykietę
Nie ma etykietki, Dołącz pierwszą etykiete!

MARC

LEADER 00000nam a2200000Ia 4500
008 170316s9999 xx 000 0 und d
090 |a 801 C-21p 
100 |a Clancier, Anne 
245 |a Psicoanálisis, literatura, crítica 
260 |a Madrid, España 
260 |b Cátedra 
260 |c 1976 
300 |a 309 páginas 
650 |a TEORÍA LITERARIA 
650 |a ANÁLISIS LITERARIO 
650 |a PSICOANÁLISIS 
650 |a FREUD SIGMUND 
650 |a CRÍTICA 
650 |a PSICOCRÍTICA 
999 |c 20173  |d 20173 
040 |a cru BVZT 
942 |c 15 D  |h 801 C-21p  |2 z